Art-write : (Record no. 30369)
[ view plain ]
| 000 -LEADER | |
|---|---|
| fixed length control field | 01588cam a2200397 i 4500 |
| 001 - CONTROL NUMBER | |
| control field | 13273940 |
| 003 - CONTROL NUMBER IDENTIFIER | |
| control field | EG-ScBUE |
| 005 - DATE AND TIME OF LATEST TRANSACTION | |
| control field | 20230515095557.0 |
| 008 - FIXED-LENGTH DATA ELEMENTS--GENERAL INFORMATION | |
| fixed length control field | 130718t2013 orua f 000 0 eng d |
| 020 ## - INTERNATIONAL STANDARD BOOK NUMBER | |
| International Standard Book Number | 9781937303129 |
| 020 ## - INTERNATIONAL STANDARD BOOK NUMBER | |
| International Standard Book Number | 1937303128 |
| 035 ## - SYSTEM CONTROL NUMBER | |
| System control number | (OCoLC)ocn853127144 |
| 040 ## - CATALOGING SOURCE | |
| Original cataloging agency | OEL |
| Language of cataloging | eng |
| Description conventions | rda |
| Transcribing agency | OEL |
| Modifying agency | OCLCO |
| -- | VRC |
| -- | EOS |
| -- | OCLCF |
| -- | IG$ |
| -- | OCLCQ |
| -- | UVV |
| -- | OCL |
| -- | OSU |
| -- | SFR |
| -- | EG-ScBUE |
| 082 04 - DEWEY DECIMAL CLASSIFICATION NUMBER | |
| Classification number | 706 |
| Edition number | 22 |
| Item number | AMO |
| 100 1# - MAIN ENTRY--PERSONAL NAME | |
| Personal name | Amorose, Vicki Krohn, |
| Relator term | author. |
| 245 10 - TITLE STATEMENT | |
| Title | Art-write : |
| Remainder of title | the writing guide for visual artists : crafting effective artist statements and promotional materials / |
| Statement of responsibility, etc | by Vicki Krohn Amorose. |
| 246 30 - VARYING FORM OF TITLE | |
| Title proper/short title | Writing guide for visual artists |
| 246 30 - VARYING FORM OF TITLE | |
| Title proper/short title | Crafting effective artist statements and promotional materials |
| 264 #1 - PUBLICATION, DISTRIBUTION, ETC. (IMPRINT) | |
| Place of publication, distribution, etc | Eugene, Oregon : |
| Name of publisher, distributor, etc | Luminare Press, |
| Date of publication, distribution, etc | [2013] |
| 264 #4 - PUBLICATION, DISTRIBUTION, ETC. (IMPRINT) | |
| Date of publication, distribution, etc | c2013 |
| 300 ## - PHYSICAL DESCRIPTION | |
| Extent | 110 pages, 6 unnumbered pages : |
| Other physical details | illustrations ; |
| Dimensions | 22 cm |
| 336 ## - CONTENT TYPE | |
| Content type term | text |
| Content type code | txt |
| Source | rdacontent |
| 337 ## - MEDIA TYPE | |
| Media type term | unmediated |
| Media type code | n |
| Source | rdamedia |
| 338 ## - CARRIER TYPE | |
| Carrier type term | volume |
| Carrier type code | nc |
| Source | rdacarrier |
| 505 0# - FORMATTED CONTENTS NOTE | |
| Formatted contents note | Part one: Develop your artist statement -- Part two: Write to build and market your career. |
| 520 ## - SUMMARY, ETC. | |
| Summary, etc | Practical information for artists trying to sell their work. Formatted in a workbook style with fill exercises and examples. |
| 650 #7 - SUBJECT ADDED ENTRY--TOPICAL TERM | |
| Topical term or geographic name as entry element | Art |
| General subdivision | Vocational guidance. |
| Source of heading or term | BUEsh |
| 650 #7 - SUBJECT ADDED ENTRY--TOPICAL TERM | |
| Topical term or geographic name as entry element | Art |
| General subdivision | Marketing. |
| Source of heading or term | BUEsh |
| 650 #7 - SUBJECT ADDED ENTRY--TOPICAL TERM | |
| Topical term or geographic name as entry element | Advertising copy. |
| Source of heading or term | BUEsh |
| 650 #7 - SUBJECT ADDED ENTRY--TOPICAL TERM | |
| Topical term or geographic name as entry element | Writing. |
| Source of heading or term | BUEsh |
| 650 #7 - SUBJECT ADDED ENTRY--TOPICAL TERM | |
| Topical term or geographic name as entry element | Artists' writings. |
| Source of heading or term | BUEsh |
| 650 #7 - SUBJECT ADDED ENTRY--TOPICAL TERM | |
| Topical term or geographic name as entry element | Art criticism |
| General subdivision | Authorship. |
| Source of heading or term | BUEsh |
| 653 ## - INDEX TERM--UNCONTROLLED | |
| Resource For college | Arts and Design |
| Arrived date list | May2023 |
| 655 ## - INDEX TERM--GENRE/FORM | |
| Form subdivision | Reading book |
| 942 ## - ADDED ENTRY ELEMENTS (KOHA) | |
| Source of classification or shelving scheme | Dewey Decimal Classification |
| Koha item type | Book - Borrowing |
| Withdrawn status | Lost status | Source of classification or shelving scheme | Damaged status | Not for loan | Collection code | Home library | Current library | Shelving location | Date acquired | Source of acquisition | Cost, normal purchase price | Serial Enumeration / chronology | Total Checkouts | Full call number | Barcode | Checked out | Date last seen | Date checked out | Cost, replacement price | Price effective from | Koha item type |
|---|---|---|---|---|---|---|---|---|---|---|---|---|---|---|---|---|---|---|---|---|---|
| Dewey Decimal Classification | Baccah | Central Library | Central Library | Second Floor | 15/05/2023 | Purchase | 641.00 | 37380 | 1 | 706 AMO | 000056646 | 04/02/2026 | 05/01/2026 | 05/01/2026 | 801.25 | 15/05/2023 | Book - Borrowing |